[Event "Krefeld op"]
[Site "Krefeld"]
[Date "2022.08.06"]
[Round "4"]
[White "Mann, Gergely"]
[Black "Roth, Jan Paul"]
[Result "1/2-1/2"]
[WhiteElo "1728"]
[BlackElo "1658"]
[PlyCount "80"]
[EventDate "2022.08.04"]
[EventType "swiss"]
[EventRounds "9"]
[EventCountry "GER"]
[SourceTitle "CBM 209 Extra"]
[Source "ChessBase"]
[SourceDate "2022.09.30"]
[SourceVersion "1"]
[SourceVersionDate "2022.09.30"]
[SourceQuality "1"]

1. a3 Nf6 2. d4 b6 3. c4 Bb7 4. d5 e5 5. Nc3 d6 6. e4 Be7 7. g3 h5 8. Bg2 Nbd7 9. h3 a6 10. Be3 Nf8 11. Qd2 N6h7 12. 0-0-0 Bc8 13. f4 Ng6 14. f5 Ngf8 15. g4 h4 16. Nf3 g5 17. fxg6 Nxg6 18. Rhg1 f6 19. Qe1 Ng5 20. Bf2 Nxf3 21. Bxf3 Bd7 22. Be3 b5 23. Qd2 Nf4 24. Bxf4 exf4 25. Qxf4 Bf8 26. g5 fxg5 27. Rxg5 Qe7 28. Bh5+ Kd8 29. Rdg1 Kc8 30. Rg8 Rxg8 31. Rxg8 Kb7 32. Rg6 Bg7 33. Bg4 Rf8 34. Bf5 Bxc3 35. bxc3 Bxf5 36. exf5 Qe1+ 37. Kc2 Qe2+ 38. Kc1 Qe1+ 39. Kc2 Qe2+ 40. Kc1 Qe1+ 1/2-1/2

[Event "Krefeld op"]
[Site "Krefeld"]
[Date "2022.08.04"]
[Round "1"]
[White "Klees, Robert"]
[Black "Mann, Gergely"]
[Result "1/2-1/2"]
[WhiteElo "1467"]
[BlackElo "1728"]
[PlyCount "23"]
[EventDate "2022.08.04"]
[EventType "swiss"]
[EventRounds "9"]
[EventCountry "GER"]
[SourceTitle "CBM 209 Extra"]
[Source "ChessBase"]
[SourceDate "2022.09.30"]
[SourceVersion "1"]
[SourceVersionDate "2022.09.30"]
[SourceQuality "1"]

1. d4 Nf6 2. c4 e6 3. Nc3 Bb4 4. Bg5 h6 5. Bh4 g5 6. Bg3 Ne4 7. Qc2 d5 8. c5 c6 9. e3 Qa5 10. Nge2 b6 11. Be5 0-0 12. f3 1/2-1/2